Statistics for All World Capitals by Satellite Image

Click here to take the quiz!

General Stats

  • This quiz has been taken 12 times
  • The average score is 24 of 200

Answer Stats

Answer% Correct
Vatican City
89%
Doha
67%
Abu Dhabi
56%
Singapore
56%
Dakar
44%
Funafuti
44%
Manama
44%
Monaco
44%
Riyadh
44%
Cairo
33%
Cape Town
33%
Mogadishu
33%
Monrovia
33%
Nouakchott
33%
San Marino
33%
Thimphu
33%
Algiers
22%
Amsterdam
22%
Andorra la Vella
22%
Baku
22%
Bamako
22%
Bangkok
22%
Berlin
22%
Brasilia
22%
Brazzaville
22%
Buenos Aires
22%
Conakry
22%
Copenhagen
22%
Georgetown
22%
Jakarta
22%
Kabul
22%
Kinshasa
22%
Lisbon
22%
Lomé
22%
London
22%
Majuro
22%
Malé
22%
Montevideo
22%
Nassau
22%
N'Djamena
22%
Niamey
22%
Paramaribo
22%
Pyongyang
22%
Quito
22%
Rabat
22%
Sana'a
22%
Seoul
22%
South Tarawa
22%
Stockholm
22%
Taipei
22%
Tokyo
22%
Vaduz
22%
Valletta
22%
Vienna
22%
Washington
22%
Windhoek
22%
Accra
11%
Amman
11%
Ashgabat
11%
Baghdad
11%
Banjul
11%
Basseterre
11%
Beijing
11%
Belgrade
11%
Belmopan
11%
Bern
11%
Bogotá
11%
Brussels
11%
Bucharest
11%
Caracas
11%
Castries
11%
Chișinău
11%
Cotonou
11%
Damascus
11%
Dili
11%
Djibouti
11%
Dublin
11%
Gaborone
11%
Gitega
11%
Guatemala City
11%
Hanoi
11%
Helsinki
11%
Kathmandu
11%
Khartoum
11%
Kigali
11%
Kingstown
11%
Kuala Lumpur
11%
Kuwait City
11%
Kyiv
11%
Libreville
11%
Lilongwe
11%
Lima
11%
Luxembourg
11%
Madrid
11%
Maputo
11%
Mexico City
11%
Moscow
11%
Muscat
11%
Naypyidaw
11%
Ngerulmud
11%
Nuku'alofa
11%
Oslo
11%
Palikir
11%
Paris
11%
Podgorica
11%
Port Vila
11%
Prague
11%
Pretoria
11%
Reykjavík
11%
Riga
11%
Santiago
11%
Sarajevo
11%
St. George's
11%
St. John's
11%
Tashkent
11%
Tbilisi
11%
Tegucigalpa
11%
Tirana
11%
Tripoli
11%
Ulaanbaatar
11%
Vientiane
11%
Vilnius
11%
Warsaw
11%
Yaren
11%
Abuja
0%
Addis Ababa
0%
Ankara
0%
Antananarivo
0%
Apia
0%
Asmara
0%
Astana
0%
Asunción
0%
Athens
0%
Bandar Seri Begawan
0%
Bangui
0%
Beirut
0%
Bishkek
0%
Bissau
0%
Bloemfontein
0%
Bratislava
0%
Bridgetown
0%
Budapest
0%
Canberra
0%
Dhaka
0%
Dodoma
0%
Dushanbe
0%
Freetown
0%
Harare
0%
Havana
0%
Honiara
0%
Islamabad
0%
Jerusalem
0%
Juba
0%
Kampala
0%
Kingston
0%
La Paz
0%
Ljubljana
0%
Luanda
0%
Lusaka
0%
Malabo
0%
Managua
0%
Manila
0%
Maseru
0%
Mbabane
0%
Minsk
0%
Moroni
0%
Nairobi
0%
New Delhi
0%
Nicosia
0%
Ottawa
0%
Ouagadougou
0%
Panama City
0%
Phnom Penh
0%
Port-au-Prince
0%
Port Louis
0%
Port Moresby
0%
Port of Spain
0%
Porto-Novo
0%
Praia
0%
Pristina
0%
Rome
0%
Roseau
0%
San José
0%
San Salvador
0%
Santo Domingo
0%
São Tomé
0%
Skopje
0%
Sofia
0%
Sri Jayawardenepura Kotte
0%
Sucre
0%
Suva
0%
Tallinn
0%
Tehran
0%
Tunis
0%
Victoria
0%
Wellington
0%
Yamoussoukro
0%
Yaoundé
0%
Yerevan
0%
Zagreb
0%

Score Distribution

Percentile by Number Answered

Percent of People with Each Score

Your Score History

You have not taken this quiz